00731nam a2200229 a 4500001001000000003000500010005001700015008004100032010001100073011001100084020001800095040000900113082001600122100003100138245016800169260004000337300001100377650003400388650002800422650002800450700002300478000108012CHAP20220329143953.0131127s2012 mx |r| ||||||spa d a104474 a105446 a9786077075530 cCHAP04a657.42bC311 aCarratalá, Juan Martín10aGerenciamiento estratégico de costos :bherramientas prácticas para los procesos de reducción de costos /cpor Juan Martín Carratalá y Horacio O. Albano. aMéxico, D.F. :bAlfaomega,c2012. a277 P.14aAdministración de empresas.14aContabilidad de costos.14aCostos de producción.1 aAlbano, Horacio O.